000
00410nam a22001457a 4500
003
MACL
005
20170811121904.0
008
170811b xxu||||| |||| 00| 0 eng d
040
_c
MACL
100
_a
मूलाणी,खीमन यू
_9
68636
245
_a
दर्पण के सामने
260
_a
कला प्रकाश
650
_a
उपन्यास
_9
68637
942
_2
ddc
_c
HIN
999
_c
56841
_d
56841